| 000 | 00850nam a22002057a 4500 | ||
|---|---|---|---|
| 003 | BD-DhUL | ||
| 005 | 20160828155654.0 | ||
| 008 | 160828s2006 b a|||| |||| 001 0 b d | ||
| 040 |
_cBD-DhUL _dBD-DhUL |
||
| 082 |
_a398.09 _bBAN |
||
| 100 | 1 | 0 | _aখান, শামসুজ্জামান |
| 245 |
_aবাংলাদেশের লোক ঐতিহ্য : _b খণ্ড : ১ / _cশামসুজ্জামান খান |
||
| 260 |
_aঢাকা : _bবাংলা একাডেমী, _c২০০৬ । |
||
| 300 |
_a খণ্ড : ১ : _bচিত্র ; _c২২ সেমি |
||
| 365 |
_aBDT _b170.00 |
||
| 504 | _aগ্রন্থপঞ্জিগত তথ্য সংবলিত । | ||
| 650 |
_a লোকঐতিহ্য _xইতিহাস |
||
| 650 |
_aLokaaitihya _xHistory |
||
| 942 |
_2ddc _cBK |
||
| 999 |
_c101850 _d101850 |
||